A study on the activity-dependent expression of Neurotrophic factors in the rat visual system (Record no. 359239)

MARC details
000 -LEADER
fixed length control field 00546nam a2200181Ia 4500
008 - FIXED-LENGTH DATA ELEMENTS--GENERAL INFORMATION
fixed length control field 191130s2007##################000#0#eng##
020 ## - INTERNATIONAL STANDARD BOOK NUMBER
ISBN 9788876422720
082 ## - DEWEY DECIMAL CLASSIFICATION NUMBER
Classification number 573.881935 BOZ
100 ## - MAIN ENTRY--AUTHOR NAME
Personal name Bozzi, Yuri
245 ## - TITLE STATEMENT
Title A study on the activity-dependent expression of Neurotrophic factors in the rat visual system
Statement of responsibility, etc Yuri Bozzi
260 ## - PUBLICATION, DISTRIBUTION, ETC. (IMPRINT)
Place of publication Paris
Name of publisher Edizioni Della Normale
Year of publication 2007
300 ## - PHYSICAL DESCRIPTION
Number of Pages 147 p. : ill
650 ## - SUBJECT ADDED ENTRY--TOPICAL TERM
Topical Term Biology
991 ## -
-- 235213
Holdings
Withdrawn status Lost status Damaged status Not for loan Home library Current library Shelving location Date acquired Full call number Accession Number Price effective from Koha item type
        Anna Centenary Library Anna Centenary Library 5TH FLOOR, A WING 17.10.2020 573.881935 BOZ 318395 17.10.2020 English Books

Find us on the map